Country highest GDP connect - Statistics

General Stats
  • This quiz has been taken 83 times
  • The average score is 111 of 152
Answers on the Map
Answers color-coded by a green-red scale on the quiz's map according to % correct below.
 
Answer Stats
x y Country % Correct
143 66 Canada
100%
177.4 210.0 Guatemala
96%
151.0 182.0 Mexico
96%
153 129 United States
96%
266 294 Brazil
93%
216.3 247.5 Colombia
93%
192.0 228.0 Costa Rica
93%
180.4 215.0 El Salvador
93%
184.5 210.7 Honduras
93%
198 232.5 Panama
93%
188.2 218.1 Nicaragua
89%
386 105 France
86%
404.0 89.9 Germany
86%
393 86.9 Netherlands
86%
391.0 91.0 Belgium
82%
394.3 94.2 Luxembourg
82%
414.2 100.9 Austria
79%
583.0 181.8 Bangladesh
79%
615.0 140.9 China
79%
414.0 93.8 Czech Republic
79%
664.3 290.8 East Timor
79%
556 185.9 India
79%
635.5 264 Indonesia
79%
416.4 124.2 Italy
79%
610.3 247.2 Malaysia
79%
597.0 188.5 Myanmar
79%
703.7 282.4 Papua New Guinea
79%
423.6 87.1 Poland
79%
577 52 Russia
79%
398.4 103.5 Switzerland
79%
608.0 207.9 Thailand
79%
425.5 124.0 Albania
75%
443.4 81.2 Belarus
75%
421.0 113.0 Bosnia and Herzegovina
75%
638.6 246.1 Brunei
75%
437.8 117.9 Bulgaria
75%
616.0 219.1 Cambodia
75%
418.0 108.0 Croatia
75%
439.0 64.8 Estonia
75%
430 129 Greece
75%
424.4 103.1 Hungary
75%
501.3 152.5 Iran
75%
427.5 118.5 Kosovo
75%
610.3 194.9 Laos
75%
438.0 70.6 Latvia
75%
434.3 76.3 Lithuania
75%
444.4 102.0 Moldova
75%
423.7 117.8 Montenegro
75%
429.5 121.7 North Macedonia
75%
535.7 164.2 Pakistan
75%
436.7 107.1 Romania
75%
427.6 113.0 Serbia
75%
423.0 98.0 Slovakia
75%
413.0 106.5 Slovenia
75%
460.3 130.6 Turkey
75%
450.6 96.0 Ukraine
75%
624.3 219.9 Vietnam
75%
384.2 167.2 Algeria
71%
384.0 118.7 Andorra
71%
420.0 301.2 Angola
71%
385.7 225.0 Benin
71%
435.0 336.1 Botswana
71%
377.0 219.0 Burkina Faso
71%
407.0 247.0 Cameroon
71%
433.0 267.2 Democratic Republic of the Congo
71%
447.0 171.3 Egypt
71%
451.3 350.1 Eswatini
71%
470.0 234.2 Ethiopia
71%
344 216 Gambia
71%
378.2 234.5 Ghana
71%
353.3 224.2 Guinea
71%
347.7 220.3 Guinea-Bissau
71%
478.8 149.9 Iraq
71%
459.0 157.0 Israel
71%
368.0 235.9 Ivory Coast
71%
462.3 158.9 Jordan
71%
465.8 259.9 Kenya
71%
487.0 162.9 Kuwait
71%
444.0 360.5 Lesotho
71%
359.2 239.6 Liberia
71%
456.0 307.0 Malawi
71%
377 202.2 Mali
71%
354 195.5 Mauritania
71%
366.0 153.5 Morocco
71%
467 309.5 Mozambique
71%
418 328 Namibia
71%
398.0 230.8 Nigeria
71%
509.33 187.2 Oman
71%
361.7 127.6 Portugal
71%
495.7 176.2 Qatar
71%
416.9 260.5 Republic of the Congo
71%
482.1 179.9 Saudi Arabia
71%
347 212 Senegal
71%
354.0 232.9 Sierra Leone
71%
431 365 South Africa
71%
372 127.5 Spain
71%
448.5 209.5 Sudan
71%
459.1 282.5 Tanzania
71%
502.0 182.5 United Arab Emirates
71%
488.3 208.2 Yemen
71%
438 310 Zambia
71%
447.0 325.0 Zimbabwe
71%
528.0 149.2 Afghanistan
68%
480.5 125.0 Armenia
68%
487.6 125.0 Azerbaijan
68%
584.1 169.4 Bhutan
68%
447.8 272.6 Burundi
68%
427.6 239.0 Central African Republic
68%
422.6 209.4 Chad
68%
476.4 221.6 Djibouti
68%
404.0 255.8 Equatorial Guinea
68%
466.3 209.2 Eritrea
68%
437 52 Finland
68%
406.5 264 Gabon
68%
479 120 Georgia
68%
533.0 100.0 Kazakhstan
68%
461.7 146.8 Lebanon
68%
419.3 172.9 Libya
68%
614.2 104.1 Mongolia
68%
569.8 166.5 Nepal
68%
403.3 203.9 Niger
68%
665.7 127 North Korea
68%
401.7 57 Norway
68%
447.8 267.7 Rwanda
68%
488 230 Somalia
68%
669 139 South Korea
68%
449.6 239.5 South Sudan
68%
414.3 60.5 Sweden
68%
467.0 143.0 Syria
68%
545.2 133.5 Tajikistan
68%
383.0 232.4 Togo
68%
401 148 Tunisia
68%
513.0 130.6 Turkmenistan
68%
453.1 256.6 Uganda
68%
525 122.5 Uzbekistan
68%
548.0 122.0 Kyrgyzstan
64%
234.0 373.0 Argentina
61%
180.9 203.6 Belize
61%
236.0 319.0 Bolivia
61%
218 384 Chile
61%
401.5 73.5 Denmark
61%
204.0 265.5 Ecuador
61%
248 242 Guyana
61%
402.0 103.1 Liechtenstein
61%
397.2 114.5 Monaco
61%
248.9 339.7 Paraguay
61%
208 292 Peru
61%
408.5 113.9 San Marino
61%
254.4 248.1 Suriname
61%
254.9 370.2 Uruguay
61%
408.5 120.7 Vatican City
61%
232 235 Venezuela
57%
No matching quizzes found
Score Distribution
Percent of People with Each Score
Percentile by Number Answered
Your Score History
You have not taken this quiz